|
|
|
|
| LEADER |
00000nam0a2200000 4500 |
| 001 |
105610 |
| 005 |
20231031114458.0 |
| 035 |
|
|
|a (RuTPU)RU\TPU\book\113959
|
| 090 |
|
|
|a 105610
|
| 100 |
|
|
|a 20061120d1978 k y0rusy50 ca
|
| 101 |
0 |
|
|a rus
|
| 102 |
|
|
|a RU
|
| 105 |
|
|
|a a z 001zy
|
| 200 |
1 |
|
|a Тезисы докладов III Всесоюзного симпозиума по сильноточной импульсной электронике
|
| 210 |
|
|
|a Томск
|c Ин-т сильноточной электроники
|d 1978
|
| 215 |
|
|
|a 280 с.
|c ил.
|
| 320 |
|
|
|a Библиография в конце докладов.
|
| 610 |
1 |
|
|a электроника
|
| 610 |
1 |
|
|a электронная эмиссия
|
| 610 |
1 |
|
|a доклады
|
| 675 |
|
|
|a 537.5(063)
|v 3
|
| 702 |
|
1 |
|a Янкелевич
|b Е. Б.
|4 340
|
| 712 |
0 |
2 |
|a Академия наук СССР (АН СССР)
|b Сибирское отделение (СО)
|b Институт сильноточной электроники (ИСЭ)
|c (Томск)
|2 stltpush
|3 (RuTPU)RU\TPU\col\11436
|
| 801 |
|
1 |
|a RU
|b 63413507
|c 20061120
|g PSBO
|
| 801 |
|
2 |
|a RU
|b 63413507
|c 20080912
|g PSBO
|
| 942 |
|
|
|c BK
|